Comptabilité nationale et mesure de l'economie numérique (Registro nro. 50008)
[ vista simple ]
| 000 -CABECERA | |
|---|---|
| Longitud fija campo de control | 01068naa a2200289 c 4500 |
| 001 - NÚMERO DE CONTROL | |
| Número de control | 50008 |
| 003 - IDENTIFICADOR DE NÚMERO DE CONTROL | |
| Identificador del número de control | ES-MaCES |
| 005 - FECHA Y HORA DE LA ÚLTIMA TRANSACCIÓN | |
| Fecha y hora de la última transacción | 20171004143952.0 |
| 008 - CAMPO FIJO DE DESCRIPCIÓN FIJA--INFORMACIÓN GENERAL | |
| Códigos de información de longitud fija | 171004s2017 fr ||||| t||||||| ||fre d |
| 040 ## - FUENTE DE CATALOGACIÓN | |
| Centro catalogador de origen | ES-MaCES |
| Lengua de catalogación | spa |
| Centro transcriptor | ES-MaCES |
| Centro modificado | ES-MaCES |
| 100 1# - ENCABEZAMIENTO PRINCIPAL--NOMBRE PERSONAL | |
| 9 (RLIN) | 7831 |
| Nombre de persona | Blanchet, Didier |
| 245 10 - MENCIÓN DE TÍTULO | |
| Título | Comptabilité nationale et mesure de l'economie numérique |
| Resto del título | Faut-il revoir les outils? |
| Mención de responsabilidad, etc. | Didier Blanchet |
| 500 ## - NOTA GENERAL | |
| Nota general | Resumen |
| 650 #4 - ASIENTO SECUNDARIO DE MATERIA--TÉRMINO DE MATERIA | |
| 9 (RLIN) | 27088 |
| Término de materia o nombre geográfico como elemento inicial | contabilidad nacional |
| 650 #4 - ASIENTO SECUNDARIO DE MATERIA--TÉRMINO DE MATERIA | |
| 9 (RLIN) | 27089 |
| Término de materia o nombre geográfico como elemento inicial | ingreso nacional |
| 650 #4 - ASIENTO SECUNDARIO DE MATERIA--TÉRMINO DE MATERIA | |
| 9 (RLIN) | 29369 |
| Término de materia o nombre geográfico como elemento inicial | producto interior bruto |
| 650 #4 - ASIENTO SECUNDARIO DE MATERIA--TÉRMINO DE MATERIA | |
| 9 (RLIN) | 28259 |
| Término de materia o nombre geográfico como elemento inicial | productividad |
| 650 #4 - ASIENTO SECUNDARIO DE MATERIA--TÉRMINO DE MATERIA | |
| 9 (RLIN) | 30788 |
| Término de materia o nombre geográfico como elemento inicial | nuevas tecnologías |
| 650 #4 - ASIENTO SECUNDARIO DE MATERIA--TÉRMINO DE MATERIA | |
| 9 (RLIN) | 30104 |
| Término de materia o nombre geográfico como elemento inicial | tecnología de la información |
| 650 #4 - ASIENTO SECUNDARIO DE MATERIA--TÉRMINO DE MATERIA | |
| 9 (RLIN) | 28236 |
| Término de materia o nombre geográfico como elemento inicial | cambio tecnológico |
| 650 #4 - ASIENTO SECUNDARIO DE MATERIA--TÉRMINO DE MATERIA | |
| 9 (RLIN) | 27069 |
| Término de materia o nombre geográfico como elemento inicial | econometría |
| 650 #4 - ASIENTO SECUNDARIO DE MATERIA--TÉRMINO DE MATERIA | |
| 9 (RLIN) | 26943 |
| Término de materia o nombre geográfico como elemento inicial | Francia |
| 653 10 - TÉRMINO DE INDEXACIÓN--NO CONTROLADO | |
| Término no controlado | Economía |
| 773 0# - ENTRADA DE DOCUMENTO FUENTE | |
| Itemnumber del ítem fuente | 86175 |
| Lugar, editor y fecha de publicación | Paris (Rue de Varenne, 55, 75341, Cedex 07) Futuribles |
| Otro identificador del documento | 089072 |
| Título | Futuribles |
| Número de control del registro relacionado | (ES-MaCES)25335 |
| Parte(s) relacionada(s) | nº 418 (mai-juin 2017) {10324 R. 089072} ;p. 35-44 |
| 902 ## - CES. TIPO DE DOCUMENTO | |
| Tipodoc (006$c Sirtex) | ART Artículo de revista |
| 942 ## - ELEMENTOS KOHA | |
| Fuente de clasificaión o esquema | Clasificación propia del CES |
| Koha [por defecto] tipo de item | Artículos (1982-2017) |
| Parte de clasificación | Economía |
No hay ítems disponibles.
